Allà vam créixer
Publicado:
Presència, núm. 1860 (oct. 2007), pàg. 2 - 11 :
Descripción Física:
fot. ; 38 cm
MARC
| LEADER | 00000nam a2200000Ia 4500 | ||
|---|---|---|---|
| 001 | 19599 | ||
| 008 | 160829s9999 xx 000 0 cat d | ||
| 080 | |a FU-9-24 | ||
| 245 | |a Allà vam créixer | ||
| 260 | |a Presència, núm. 1860 (oct. 2007), pàg. 2 - 11 | ||
| 300 | |a fot. ; |c 38 cm | ||
| 590 | |a Secció del diari: Dossier. | ||
| 590 | |a A la portada: Històries d'orfenat. Allà vam creixer. Vuit testimonis expliquen com va ser la seva infantesa en un orfenat. | ||
| 590 | |a Inclou testimonis de la Casa de Caritat de Barcelona, Llars Mundet, Granja escola Mas Guàrdia de Palau de Plegamans, Orfenat Ribas i la Casa de Caridat de Vic | ||
| 650 | |a Infants abandonats |9 31064 | ||
| 650 | |a Centres d'acolliment |9 22395 | ||
| 901 | |a Arxiu | ||
| 942 | |n 1 | ||
| 952 | |0 0 |1 0 |4 0 |6 FU924 |7 1 |9 49426 |a Arxiu |b Arxiu |d 2016-12-01 |l 0 |o FU-9-24 |p 19599 |r 2016-12-01 00:00:00 |w 2016-12-01 |y ARXIU | ||
| 999 | |c 53268 |d 53268 | ||